000
00289nam a2200109 a 4500
005
20200930073720.0
008
111004s2009 000 spa d
020
_a
9788560810161
245
0
_a
Ciência da informaçao : múltiplos diálogos.
260
_a
Marília,
_c
2009.
999
_c
33957
_d
33957
040
_a
DO-SdBNP